<?xml version="1.0" encoding="UTF-8"?>
<collection xmlns="http://www.loc.gov/MARC21/slim">
  <record>
    <leader>00000nam  2200000   4500</leader>
    <controlfield tag="001">INLIS000000000018452</controlfield>
    <controlfield tag="005">20241118093342</controlfield>
    <datafield tag="035" ind1="#" ind2="#">
      <subfield code="a">0010-1124000118</subfield>
    </datafield>
    <controlfield tag="007">ta</controlfield>
    <controlfield tag="008">241118###########################0######</controlfield>
    <datafield tag="245" ind1="#" ind2="#">
      <subfield code="a">KEJAR ENGLISH CLUB :</subfield>
      <subfield code="b">Kelompok Belajar English Club untuk Meningkatkan Pengetahuan Bahasa Inggris Mahasiswa Sastra Indonesia Universitas Halu Oleo /</subfield>
      <subfield code="c">Afriani Ulya, S.S., M.A</subfield>
    </datafield>
    <datafield tag="260" ind1="#" ind2="#">
      <subfield code="a">Makassar :</subfield>
      <subfield code="b">Puslatbang KMP LAN RI,</subfield>
      <subfield code="c">2024</subfield>
    </datafield>
    <datafield tag="300" ind1="#" ind2="#">
      <subfield code="a">39 ;</subfield>
      <subfield code="c">30</subfield>
    </datafield>
    <datafield tag="650" ind1="#" ind2="4">
      <subfield code="a">Meningkatkan kemampuan mahasiswa mengenai Bahasa Inggris</subfield>
    </datafield>
    <datafield tag="700" ind1=" " ind2="#">
      <subfield code="a">Dr. Syahrun, S.Pd., M.Si (Mentot)</subfield>
    </datafield>
    <datafield tag="700" ind1=" " ind2="#">
      <subfield code="a">Mutmainnah, S.Ip., M.Tr. AP (Coach)</subfield>
    </datafield>
    <datafield tag="520" ind1="#" ind2="#">
      <subfield code="a">Pembuatan English Club sebagai kelompok belajar untuk meningkatkan pengetahuan mahasiswa di bidang Bahasa inggris dalam Lingkup Program Studi Sastra Indonesia Universitas Halu Oleo merupakan sebuah gagasan yang ditawarkan penulis dalam kegiatan aktualisasi. Gagasan tersebut sekaitan dengan nilai- nilai dasar ASN, manajemen ASN, dan Smart ASN. Adapun penerapan nilai-nilai dasar ASN dari solusi tersebut, yaitu: Berorientasi pelayanan, Akuntabel, Kompeten, Harmonis, Loyal, Adaptif, dan Kolaboratif. Pertama, nilai berorientasi pelayanan tunjukkan pada aspek responsivitas, yaitu memahami dan memenuhi kebutuhan mahasiswa. Kedua, nilai akuntabel ditunjukkan kan pada aspek integritas, yaitu dengan jujur, bertanggungjawab, cermat, melaksanakan tugas berintegritas tinggi, efektif, dan efisien. Ketiga, nilai kompeten ditunjukkan pada aspek learning agility; meningkatkan kompetensi diri. Keempat, nilai harmonis ditunjukkan pada aspek peduli dan apreasiasi, yaitu membantu mahasiswa belajar dan keberagaman. Kelima, nilal loyal ditunjukkan pada aspek menghargai kontribusi, yaitu berdedikasi untuk kepentingan bangsa. Keenam, nilal adaptif ditunjukkan pada aspek inovasi, yaitu penggunaan media digital dalam kegiatan pengembangan dan pembelajaran. Penggunaan media digital juga merefleksikan literasi digital yang mumpuni bagi Smart ASN. Ketujuh, nilai kolaboratif ditunjukkan pada aspek kesediaan kerja sama, yaitu membangun kerja sama yang sinergis dengan seluruh pihak yang terlibat. English Club adalah sebuah wadah bagi para mahasiswa dalam menyalurkan minat dan bakat serta pengetahuan di bidang Bahasa Inggris. Tujuan utama didirikannya kelompok belajar English Club adalah untuk meningkatkan kemampuan mahasiswa mengenai Bahasa Inggris baik lisan maupun tulisan. Selain itu, mahasiswa juga dapat menyalurkan kemampuannya dalam berbahasa inggris dengan mengikuti kompetisi sesuai dengan bidang yang diinginkan. Kelompok dalam English Club didorong untuk berinteraksi secara sosial dengan menggunakan arahan dan sumber daya dari pembicara yang relevan dan dengan bekerja sama selama kegiatan. Mahasiswa dapat berinteraksi dalam Bahasa Inggris, berpartisipasi dalam diskusi, dan membangun kepercayaan diri dalam berkomunikasi</subfield>
    </datafield>
    <datafield tag="856" ind1="#" ind2="#">
      <subfield code="a">Puslatbang KMP LAN</subfield>
    </datafield>
  </record>
</collection>
